[Event "WYCC U18 Girls 2013"]
[Site "Al-Ain UAE"]
[Date "2013.12.20"]
[Round "3.42"]
[White "Strasevici, Ana"]
[Black "Barbier, Astrid"]
[Result "0-1"]
[WhiteElo "1496"]
[BlackElo "1789"]
[WhiteFideId "13907042"]
[BlackFideId "200395"]
[EventDate "2013.12.18"]

1. d4 Nf6 2. c4 e6 3. Nc3 Bb4 4. Qc2 c5 5. dxc5 Qa5 6. Bd2 Bxc3 7. Bxc3 Qxc5 8.
Bxf6 gxf6 9. Nf3 Nc6 10. e3 b6 11. a3 Bb7 12. b4 Qh5 13. Qd2 Ne5 14. Nxe5 Qxe5
15. Rd1 Rd8 16. Qd4 Rg8 17. Qxe5 fxe5 18. f3 Ke7 19. Kf2 d5 20. Be2 Rc8 21. Rc1
Rge8 22. g4 dxc4 23. Rxc4 Rxc4 24. Bxc4 Rc8 25. Bd3 h6 26. a4 Rc3 27. Ke2 Bxf3+
28. Kxf3 Rxd3 29. Rc1 Kd7 30. Ke4 Rd5 31. Rf1 Ke7 32. Rf3 a5 33. b5 Rc5 34. Rh3
Rc4+ 35. Kf3 Rxa4 36. Rxh6 Rb4 37. Rh8 Rxb5 38. h4 a4 39. Rc8 a3 40. Rc1 Ra5 41.
g5 a2 42. Ra1 b5 43. h5 b4 44. h6 Kf8 0-1

[Event "WYCC U18 Girls 2013"]
[Site "Al-Ain UAE"]
[Date "2013.12.21"]
[Round "4.1"]
[White "Juhasz, Barbara"]
[Black "Saduakassova, Dinara"]
[Result "1/2-1/2"]
[WhiteTitle "WFM"]
[BlackTitle "WGM"]
[WhiteElo "2152"]
[BlackElo "2357"]
[WhiteFideId "743585"]
[BlackFideId "13700090"]
[EventDate "2013.12.18"]

1. d4 Nf6 2. Nc3 d5 3. Bg5 Nbd7 4. Nf3 g6 5. Qd3 Bg7 6. e4 dxe4 7. Nxe4 O-O 8.
O-O-O Nxe4 9. Qxe4 Nf6 10. Qh4 Qd5 11. Kb1 b5 12. Bd3 Be6 13. b3 a5 14. Bxf6
Bxf6 15. Be4 Bxh4 16. Bxd5 Bxd5 17. Nxh4 b4 18. Rhe1 e6 19. Re3 a4 20. Nf3 Ra5
21. Ne1 Rfa8 22. Rd2 Rd8 23. f3 Bb7 24. Kc1 Ra6 25. Re5 Rda8 26. Kb1 Rd8 27. Rc5
Rc6 28. Rxc6 Bxc6 29. Kc1 f6 30. Kd1 Bb5 31. bxa4 Bxa4 32. Nd3 Rxd4 33. Nc5
Rxd2+ 34. Kxd2 Bb5 35. Nxe6 Bc4 36. Nxc7 Kf7 37. Ke3 Bxa2 38. Na6 b3 39. cxb3
Bxb3 40. Nc5 1/2-1/2

[Event "WYCC U18 Girls 2013"]
[Site "Al-Ain UAE"]
[Date "2013.12.21"]
[Round "4.2"]
[White "Rodriguez Rueda, Paula Andrea"]
[Black "Castrillon Gomez, Melissa"]
[Result "0-1"]
[WhiteTitle "WIM"]
[BlackTitle "WIM"]
[WhiteElo "2257"]
[BlackElo "2155"]
[WhiteFideId "4404564"]
[BlackFideId "4402413"]
[EventDate "2013.12.18"]

1. d4 Nf6 2. c4 g6 3. Nc3 Bg7 4. e4 d6 5. f3 O-O 6. Be3 c5 7. d5 a6 8. Qd2 b5 9.
cxb5 Qa5 10. a4 Nfd7 11. Bh6 Bxh6 12. Qxh6 axb5 13. Bxb5 Ba6 14. Qd2 Ne5 15. f4
Nc4 16. Bxc4 Bxc4 17. f5 Kg7 18. h4 Nd7 19. Nf3 Qb4 20. Rb1 Bb3 21. h5 Rh8 22.
fxg6 fxg6 23. Ng5 Nf6 24. h6+ Kf8 25. O-O Ke8 26. Ra1 Kd7 27. Qd3 Qd4+ 28. Qxd4
cxd4 29. Nb5 d3 30. Nd4 Rhb8 31. Ra3 Bc2 32. b3 Rc8 33. b4 Rc4 34. Nxc2 dxc2 35.
Rc1 Ng4 36. g3 Rac8 37. Ra2 Rxb4 38. Kg2 Rb1 39. Rcxc2 Rxc2+ 40. Rxc2 Ne3+ 41.
Kh2 Nxc2 42. Nxh7 Rb8 43. Ng5 Rh8 44. h7 Ne3 45. Kh3 Nc4 46. Kg4 Ne5+ 47. Kf4
Kc8 0-1

[Event "WYCC U18 Girls 2013"]
[Site "Al-Ain UAE"]
[Date "2013.12.21"]
[Round "4.3"]
[White "Marikova, Jana"]
[Black "Aranaz Murillo, Amalia"]
[Result "0-1"]
[BlackTitle "WIM"]
[WhiteElo "2062"]
[BlackElo "2262"]
[WhiteFideId "334138"]
[BlackFideId "22200371"]
[EventDate "2013.12.18"]

1. d4 Nf6 2. c4 c5 3. d5 b5 4. cxb5 a6 5. b6 d6 6. Nc3 Nbd7 7. e4 Rb8 8. Nf3 g6
9. Be2 Bg7 10. O-O O-O 11. Nd2 Nxb6 12. a4 Ne8 13. a5 Nd7 14. Nc4 Nc7 15. Bf4
Nb5 16. Na4 Nd4 17. Nab6 f5 18. f3 Nf6 19. Bd3 Bd7 20. Be3 fxe4 21. fxe4 Bb5 22.
Bxd4 cxd4 23. e5 dxe5 24. Nxe5 Nxd5 25. Rxf8+ Qxf8 26. Qb3 e6 27. Bxb5 Bxe5 28.
Bxa6 Qd6 29. Bc4 Bxh2+ 30. Kh1 Ne3 31. Bxe6+ Kg7 32. Rc1 d3 33. Qc3+ Be5 34. Qd2
Qd4 35. g4 Re8 36. Bd7 Qe4+ 37. Kg1 Bd4 38. Kh2 Qf4+ 39. Kh1 Qf3+ 40. Kh2 Nf1+
41. Rxf1 Re2+ 0-1

[Event "WYCC U18 Girls 2013"]
[Site "Al-Ain UAE"]
[Date "2013.12.21"]
[Round "4.4"]
[White "Ziaziulkina, Nastassia"]
[Black "Pratyusha, Bodda"]
[Result "1-0"]
[WhiteTitle "WGM"]
[WhiteElo "2354"]
[BlackElo "2128"]
[WhiteFideId "13505211"]
[BlackFideId "5000629"]
[EventDate "2013.12.18"]

1. e4 e5 2. Nf3 Nc6 3. Bb5 a6 4. Ba4 Nf6 5. O-O b5 6. Bb3 Bc5 7. a4 Bb7 8. axb5
axb5 9. Rxa8 Qxa8 10. Nc3 b4 11. Nd5 Nxd5 12. Bxd5 d6 13. d3 h6 14. Nh4 Ne7 15.
Bb3 g5 16. Qh5 Kd7 17. Qxf7 gxh4 18. Be6+ Kd8 19. Bxh6 Qa4 20. Bg5 Qe8 21. Qg7
h3 22. Bxe7+ 1-0

[Event "WYCC U18 Girls 2013"]
[Site "Al-Ain UAE"]
[Date "2013.12.21"]
[Round "4.5"]
[White "Osmanodja, Filiz"]
[Black "Baraeva, Marina"]
[Result "1-0"]
[WhiteTitle "WIM"]
[BlackTitle "WIM"]
[WhiteElo "2274"]
[BlackElo "2136"]
[WhiteFideId "24633569"]
[BlackFideId "24142573"]
[EventDate "2013.12.18"]

1. e4 e6 2. d4 d5 3. Nc3 Nf6 4. e5 Nfd7 5. f4 c5 6. Nf3 Nc6 7. Be3 a6 8. Qd2 b5
9. a3 Qa5 10. Rd1 b4 11. axb4 cxb4 12. Ne2 Be7 13. g4 h5 14. gxh5 Rxh5 15. Ng3
Rh8 16. f5 Nf8 17. Bd3 Qc7 18. Qf2 f6 19. Bf4 Qb6 20. O-O fxe5 21. Bxe5 Nxe5 22.
Nxe5 Bf6 23. Rde1 Ra7 24. c3 Re7 25. Ng4 Bh4 26. Re3 Nh7 27. Qe2 Bg5 28. Re5 Nf6
29. Ne3 Bxe3+ 30. Rxe3 Kf7 31. Re1 Rhe8 32. Nh5 Nxh5 33. Qxh5+ Kg8 34. fxe6 Bxe6
35. Qh7+ Kf8 36. Qh8+ Bg8 37. Rf1+ 1-0

[Event "WYCC U18 Girls 2013"]
[Site "Al-Ain UAE"]
[Date "2013.12.21"]
[Round "4.6"]
[White "Michelle Catherina, P"]
[Black "Ibrahimova, Sabina"]
[Result "0-1"]
[BlackTitle "WIM"]
[WhiteElo "2137"]
[BlackElo "2205"]
[WhiteFideId "5005736"]
[BlackFideId "13403893"]
[EventDate "2013.12.18"]

1. e4 c5 2. Nf3 Nc6 3. d4 cxd4 4. Nxd4 g6 5. c4 Nf6 6. Nc3 d6 7. Be2 Nxd4 8.
Qxd4 Bg7 9. Bg5 Qa5 10. Qd2 Nd7 11. Nd5 Qxd2+ 12. Kxd2 Nc5 13. f3 Kd7 14. Rab1
e6 15. Nc3 h6 16. Be3 a5 17. b3 Ke7 18. Kc2 Bd7 19. Rbd1 Bc6 20. Rd2 Be5 21. g3
g5 22. Rhd1 Rhd8 23. a3 f6 24. Re1 g4 25. Bxh6 Rh8 26. Bf4 Rxh2 27. b4 axb4 28.
axb4 Na4 29. Bxe5 dxe5 30. b5 Nxc3 31. Kxc3 Be8 32. fxg4 Ra3+ 33. Kb2 Re3 34.
Kc1 Rxe4 35. Kd1 b6 36. Rf1 Bg6 37. Re1 Re3 38. Rg1 Rb3 39. Ra2 Rb1+ 40. Kd2
Rxg1 41. c5 Rxe2+ 0-1

[Event "WYCC U18 Girls 2013"]
[Site "Al-Ain UAE"]
[Date "2013.12.21"]
[Round "4.7"]
[White "Tomnikova, Lidia"]
[Black "Botez, Alexandra"]
[Result "1-0"]
[WhiteTitle "WFM"]
[BlackTitle "WFM"]
[WhiteElo "2167"]
[BlackElo "2086"]
[WhiteFideId "4113110"]
[BlackFideId "2603365"]
[EventDate "2013.12.18"]

1. d4 Nf6 2. c4 e6 3. Nf3 Bb4+ 4. Nbd2 a5 5. e3 b6 6. Bd3 Bb7 7. O-O O-O 8. e4
d5 9. cxd5 exd5 10. e5 Nfd7 11. Qc2 h6 12. a3 Be7 13. Re1 c5 14. Bf5 Nc6 15. e6
fxe6 16. Bxe6+ Kh8 17. Qg6 Rf6 18. Qh5 Nxd4 19. Nxd4 cxd4 20. Nf3 Nc5 21. Bf5 d3
22. Ne5 Kg8 23. Ng4 Rxf5 24. Qxf5 Bc8 25. Nxh6+ gxh6 26. Qg6+ Kh8 27. Qxh6+ Kg8
28. Qg6+ Kh8 29. Bf4 Ne4 30. Rxe4 dxe4 31. Be5+ Bf6 32. Bxf6+ Qxf6 33. Qxf6+ 1-0

[Event "WYCC U18 Girls 2013"]
[Site "Al-Ain UAE"]
[Date "2013.12.21"]
[Round "4.8"]
[White "Xiao, Yiyi"]
[Black "Gaboyan, Susanna"]
[Result "1/2-1/2"]
[WhiteTitle "WFM"]
[WhiteElo "2163"]
[BlackElo "2050"]
[WhiteFideId "8606161"]
[BlackFideId "13303627"]
[EventDate "2013.12.18"]

1. d4 Nf6 2. c4 g6 3. g3 Bg7 4. Bg2 d5 5. cxd5 Nxd5 6. Nf3 Nc6 7. O-O Nb6 8. e3
O-O 9. Nc3 Re8 10. d5 Na5 11. Nd4 Bd7 12. e4 c6 13. b3 cxd5 14. exd5 e5 15. Nde2
e4 16. Bd2 Bg4 17. Nxe4 Nxd5 18. Rc1 Nc6 19. Bg5 Bxe2 20. Qxe2 Qxg5 21. Nxg5
Rxe2 22. Bxd5 Rf8 23. a4 Re5 24. Bxc6 bxc6 25. Nf3 Re6 26. Rfd1 Rb8 27. Rd3 h6
28. Kg2 Rb4 29. Rd8+ Kh7 30. Rd7 Rf6 31. Ne5 Rxb3 32. Rxc6 Rf5 33. Rxf7 Rxf7 34.
Nxf7 Rb4 35. a5 Bd4 36. Nd6 Rb2 37. Ne4 Ra2 38. Rc4 Be5 39. Rc5 Bd4 40. Rd5 Ra4
41. h4 Kg7 42. Rd7+ Kg8 43. Kf3 Ra3+ 44. Kg4 Ra4 45. f4 Bg7 46. Nd6 Rxa5 47. f5
Ra4+ 48. Kf3 Rd4 49. Ke3 Rd1 50. fxg6 Bf8 51. Ne4 Rxd7 52. Nf6+ Kg7 53. Nxd7 Bd6
54. h5 Bxg3 55. Kd4 Bf2+ 56. Kc4 Be3 57. Kb5 Bd4 58. Ka6 Bf2 59. Ne5 Bg1 60. Nf3
Bf2 61. Nd2 Bg1 62. Ne4 Bd4 63. Kb5 Be5 64. Kc4 Bh2 65. Kd5 Bf4 66. Kc6 Bh2 67.
Nd6 Bxd6 68. Kxd6 Kf6 69. Kc5 Kg7 70. Kb5 Kg8 71. Ka6 Kg7 72. Kxa7 Kg8 73. Kb6
Kg7 74. Kc7 Kf6 75. Kd7 Kg7 76. Ke8 Kg8 77. Ke7 Kg7 78. Ke6 Kg8 79. Kf6 Kf8 1/2-1/2

[Event "WYCC U18 Girls 2013"]
[Site "Al-Ain UAE"]
[Date "2013.12.21"]
[Round "4.9"]
[White "Bezkorovaina, Mariia"]
[Black "Bivol, Alina"]
[Result "1/2-1/2"]
[BlackTitle "WIM"]
[WhiteElo "2081"]
[BlackElo "2236"]
[WhiteFideId "14116324"]
[BlackFideId "4100123"]
[EventDate "2013.12.18"]

1. c4 Nc6 2. Nc3 e5 3. g3 Nf6 4. Bg2 Bb4 5. Nf3 Bxc3 6. dxc3 d6 7. O-O O-O 8. b4
Be6 9. c5 dxc5 10. b5 Qxd1 11. Rxd1 Na5 12. Nxe5 a6 13. Ba3 axb5 14. Bxc5 Rfb8
15. Be7 Nc4 16. Bxf6 gxf6 17. Nxc4 Bxc4 18. Bd5 Bxe2 19. Re1 Bc4 20. Bxc4 bxc4
21. Re7 c6 22. Rd1 Rxa2 23. Rdd7 Rf8 24. Rxb7 Rc2 25. Re3 Rd8 26. Rb4 Rdd2 27.
Rf3 Rd3 28. Rxf6 Rcxc3 29. Rxc6 Rc1+ 30. Kg2 c3 31. Rbc4 Kg7 32. Rg4+ Kf8 33.
Rc7 c2 34. Rgc4 1/2-1/2

[Event "WYCC U18 Girls 2013"]
[Site "Al-Ain UAE"]
[Date "2013.12.21"]
[Round "4.10"]
[White "Regam, Jessica"]
[Black "Klek, Hanna-Marie"]
[Result "0-1"]
[WhiteTitle "WFM"]
[WhiteElo "2019"]
[BlackElo "2297"]
[WhiteFideId "2033496"]
[BlackFideId "24670057"]
[EventDate "2013.12.18"]

1. e4 e5 2. Nf3 Nc6 3. Bb5 a6 4. Ba4 Nf6 5. O-O Be7 6. Re1 b5 7. Bb3 d6 8. c3
O-O 9. h3 Na5 10. Bc2 c5 11. d4 Qc7 12. Nbd2 Be6 13. Nf1 Rfc8 14. d5 Bd7 15. b3
c4 16. b4 Nb7 17. Bd2 Bf8 18. g4 g6 19. Ng3 Ne8 20. Nh2 Qd8 21. Qf3 a5 22. a3
Ra6 23. Kg2 Be7 24. Rg1 Bg5 25. Qe2 Bxd2 26. Qxd2 Rca8 27. Rac1 axb4 28. axb4
Ra2 29. Nf3 Qf6 30. Qe3 R8a6 31. Kh2 Nd8 32. Bb1 R2a3 33. Rg2 Ng7 34. Rcg1 Qf4
35. Qxf4 exf4 36. Ne2 f6 37. h4 Nf7 38. h5 Ng5 39. Nxg5 fxg5 40. f3 gxh5 41.
gxh5 h6 42. Rc1 Nxh5 43. Nd4 Ng3 44. Rgg1 Kf7 45. Rge1 Kf6 46. Ne2 Nxe2 47. Rxe2
h5 48. Kg1 Bh3 49. Rh2 g4 50. fxg4 hxg4 51. Rf2 Ke5 52. Rh2 f3 0-1

[Event "WYCC U18 Girls 2013"]
[Site "Al-Ain UAE"]
[Date "2013.12.21"]
[Round "4.11"]
[White "Baraeva, Irina"]
[Black "Serbanescu, Diana-Maria"]
[Result "1-0"]
[WhiteTitle "WIM"]
[WhiteElo "2211"]
[BlackElo "1989"]
[WhiteFideId "24142565"]
[BlackFideId "1200550"]
[EventDate "2013.12.18"]

1. d4 Nf6 2. c4 g6 3. Nc3 Bg7 4. e4 d6 5. Be2 O-O 6. Nf3 e5 7. O-O Na6 8. Be3
Ng4 9. Bg5 Qe8 10. Re1 h6 11. Bh4 exd4 12. Nd5 g5 13. Bg3 d3 14. Bxd3 Bxb2 15.
h3 c6 16. Bxd6 cxd5 17. exd5 Qd8 18. Bxf8 Qxf8 19. Rb1 Bc3 20. hxg4 Bxe1 21.
Nxe1 Nc5 22. Nc2 Bxg4 23. Qxg4 Nxd3 24. Rxb7 Qc5 25. Qf5 1-0

[Event "WYCC U18 Girls 2013"]
[Site "Al-Ain UAE"]
[Date "2013.12.21"]
[Round "4.12"]
[White "Guo, Emma"]
[Black "Navrotescu, Andreea-Cristiana"]
[Result "0-1"]
[WhiteTitle "WIM"]
[BlackTitle "WFM"]
[WhiteElo "2011"]
[BlackElo "2147"]
[WhiteFideId "3200795"]
[BlackFideId "675946"]
[EventDate "2013.12.18"]

1. d4 Nf6 2. c4 g6 3. Nc3 d5 4. e3 Bg7 5. Qb3 c6 6. Nf3 O-O 7. Bd2 b6 8. Rc1 Ba6
9. Ne5 e6 10. Qa3 Bb7 11. cxd5 exd5 12. Be2 Re8 13. b4 Nbd7 14. Nxd7 Qxd7 15.
O-O Bf8 16. Qb3 Bd6 17. h3 Bc7 18. Bf3 Bc8 19. Ne2 Ne4 20. Bxe4 Rxe4 21. Qc3 Qd6
22. Ng3 Ba6 23. Qxc6 Qxc6 24. Rxc6 Bxg3 0-1

[Event "WYCC U18 Girls 2013"]
[Site "Al-Ain UAE"]
[Date "2013.12.21"]
[Round "4.13"]
[White "Lezhepekova, Veronika"]
[Black "Chiarion, Elisa"]
[Result "1-0"]
[WhiteTitle "WFM"]
[WhiteElo "2121"]
[BlackElo "1957"]
[WhiteFideId "24146137"]
[BlackFideId "828653"]
[EventDate "2013.12.18"]

1. d4 d5 2. c4 e6 3. Nf3 c6 4. e3 f5 5. Nbd2 Nf6 6. Ne5 Bd6 7. f4 O-O 8. Be2 Ne4
9. O-O Nd7 10. Nxe4 fxe4 11. Bd2 a5 12. Qe1 Qc7 13. b4 axb4 14. Bxb4 c5 15. Bc3
cxd4 16. Nxd7 Bxd7 17. Bxd4 dxc4 18. Qc3 Bb5 19. a4 Ba6 20. Rfc1 Rac8 21. a5
Rfe8 22. Bg4 Rb8 23. Rd1 e5 24. Bb6 Qe7 25. Qd2 Bc7 26. Qd5+ Kh8 27. Bc5 Qf6 28.
Bd7 Rg8 29. f5 g6 30. Qxe4 gxf5 31. Bxf5 Rg7 32. Rd7 Rxd7 33. Bxd7 Rd8 34. Rf1
Qg7 35. Be6 Bxa5 36. h4 Bc3 37. h5 Qg3 38. Be7 Rg8 39. Bf6+ Rg7 40. h6 1-0

[Event "WYCC U18 Girls 2013"]
[Site "Al-Ain UAE"]
[Date "2013.12.21"]
[Round "4.14"]
[White "Kuckling, Hannah"]
[Black "Dragieva, Denitza"]
[Result "1/2-1/2"]
[BlackTitle "WFM"]
[WhiteElo "1993"]
[BlackElo "2095"]
[WhiteFideId "24603660"]
[BlackFideId "2907232"]
[EventDate "2013.12.18"]

1. e4 e5 2. Nf3 Nc6 3. Bb5 a6 4. Ba4 Nf6 5. O-O Be7 6. Re1 b5 7. Bb3 d6 8. c3
O-O 9. d4 Bg4 10. Be3 exd4 11. cxd4 Na5 12. h3 Bh5 13. Nbd2 c5 14. g4 Bg6 15.
Nh4 Nxb3 16. axb3 Bxe4 17. g5 Bb7 18. gxf6 Bxf6 19. Nf5 g6 20. Nh6+ Kh8 21. Qg4
Bg7 22. Rad1 f5 23. Qf4 Qf6 24. dxc5 dxc5 25. Qc7 Bc6 26. Bf4 Rac8 27. Qe7 Rce8
28. Qxf6 Bxf6 29. Rxe8 Rxe8 30. Nf7+ Kg7 31. Ng5 h6 32. Ngf3 Bxb2 33. Be3 Rd8
34. Rb1 Bc3 35. Rc1 b4 36. Bxc5 Rd3 37. Bxb4 Bxb4 38. Rxc6 Bxd2 39. Nxd2 Rxd2
40. Rxa6 Rd3 41. h4 Rxb3 42. Ra7+ Kf6 43. Ra6+ Kf7 44. Ra7+ Ke8 45. Ra8+ Kd7 46.
Ra7+ Kc8 47. Ra6 Rb4 48. Rxg6 Rxh4 49. Rf6 Rh5 50. Kg2 Kd7 51. Kg3 Ke7 52. Ra6
Kf7 53. Kf4 Rh2 54. Kxf5 Rxf2+ 55. Ke4 1/2-1/2

[Event "WYCC U18 Girls 2013"]
[Site "Al-Ain UAE"]
[Date "2013.12.21"]
[Round "4.16"]
[White "Leonardi, Caterina"]
[Black "Unapkoshvili, Nani"]
[Result "1-0"]
[WhiteElo "1939"]
[BlackElo "2081"]
[WhiteFideId "14601036"]
[BlackFideId "13605518"]
[EventDate "2013.12.18"]

1. d4 d6 2. c4 g6 3. e4 Bg7 4. Nc3 Nf6 5. f4 O-O 6. Nf3 c5 7. d5 e6 8. dxe6 fxe6
9. Bd3 Nc6 10. O-O a6 11. Qe1 b6 12. Ng5 Ng4 13. Kh1 Qf6 14. Be2 Nh6 15. Bd2 Nd4
16. Bd3 Bd7 17. Qh4 b5 18. e5 dxe5 19. Nce4 Qe7 20. fxe5 Ndf5 21. Nf6+ Bxf6 22.
exf6 Rxf6 23. Qh3 Qf8 24. Bc3 b4 25. Bxf6 Qxf6 26. Qxh6 1-0

[Event "WYCC U18 Girls 2013"]
[Site "Al-Ain UAE"]
[Date "2013.12.21"]
[Round "4.17"]
[White "Vujnovic, Patricija"]
[Black "Ballantyne, Rochelle"]
[Result "1/2-1/2"]
[WhiteElo "2081"]
[BlackElo "1934"]
[WhiteFideId "14502313"]
[BlackFideId "2058235"]
[EventDate "2013.12.18"]

1. Nf3 d5 2. b3 c5 3. Bb2 Nc6 4. e3 Nf6 5. Bb5 Qb6 6. Bxc6+ bxc6 7. Ne5 e6 8. f4
Ba6 9. Qf3 Rd8 10. Nc3 c4 11. Na4 Qb7 12. Bc3 Ne4 13. Ba5 Rc8 14. Nc3 f6 15. Ng4
Nd6 16. Rb1 Qd7 17. Na4 c5 18. Bc3 cxb3 19. axb3 Be7 20. Nf2 Nf5 21. g4 d4 22.
gxf5 dxc3 23. Nxc3 exf5 24. Rg1 g6 25. h4 c4 26. bxc4 Rxc4 27. Rb8+ Bd8 28. h5
Kf7 29. Qa8 Re8 30. hxg6+ hxg6 31. Qh1 Rg8 32. Nfd1 Qd6 33. Qa8 Qd7 34. Rh1 Ke6
35. Ne2 Rc8 36. Nd4+ Kf7 37. Rxc8 Bxc8 38. Rh7+ Rg7 39. Rxg7+ Kxg7 40. Nc3 Bb6
41. Qd5 Bxd4 42. Qxd7+ Bxd7 43. exd4 Kf7 44. Ne2 a5 45. c4 a4 46. Kd1 Ke6 47.
Kc2 Kd6 48. Nc3 g5 49. c5+ Kc6 50. Nxa4 g4 51. Nc3 g3 52. Ne2 g2 53. Kd3 Kd5 54.
Ke3 Bb5 55. Nc3+ Kc4 56. Ne2 Kb3 57. Ng1 Bc6 58. Kf2 Kc2 1/2-1/2

[Event "WYCC U18 Girls 2013"]
[Site "Al-Ain UAE"]
[Date "2013.12.21"]
[Round "4.18"]
[White "Roy, Ali"]
[Black "Leks, Maria"]
[Result "1/2-1/2"]
[BlackTitle "WCM"]
[WhiteElo "1891"]
[BlackElo "2076"]
[WhiteFideId "2400456"]
[BlackFideId "1134957"]
[EventDate "2013.12.18"]

1. d4 d5 2. c4 c6 3. Nf3 Nf6 4. e3 Bg4 5. cxd5 cxd5 6. Qb3 Qb6 7. Qxb6 axb6 8.
Ne5 Bf5 9. Nc3 Nc6 10. Bb5 Bd7 11. Nxd7 Kxd7 12. e4 e6 13. exd5 Nxd5 14. Nxd5
exd5 15. Be3 Bb4+ 16. Ke2 Rhe8 17. a3 Bd6 18. Rac1 f5 19. Kd3 f4 20. Bd2 Re4 21.
Bxc6+ bxc6 22. Rhe1 Rae8 23. f3 Rxe1 24. Rxe1 Rxe1 25. Bxe1 c5 26. b3 g5 27. h4
h6 28. hxg5 hxg5 29. a4 Bc7 30. Bc3 Bd8 1/2-1/2

[Event "WYCC U18 Girls 2013"]
[Site "Al-Ain UAE"]
[Date "2013.12.21"]
[Round "4.20"]
[White "Mendez Tovar, Jessica Yissel"]
[Black "Utiatskaja, Irina"]
[Result "1/2-1/2"]
[WhiteTitle "WFM"]
[WhiteElo "1887"]
[BlackElo "2069"]
[WhiteFideId "5113580"]
[BlackFideId "24140848"]
[EventDate "2013.12.18"]

1. d4 Nf6 2. c4 g6 3. Nc3 Bg7 4. e4 d6 5. Nf3 O-O 6. Be2 Na6 7. O-O e5 8. Rb1
exd4 9. Nxd4 Nc5 10. f3 a5 11. Be3 Re8 12. Ndb5 b6 13. Qd2 Bb7 14. Rfd1 Qd7 15.
b3 Ne6 16. Nd5 Red8 17. e5 Ne8 18. exd6 Nxd6 19. Ndxc7 Nxb5 20. Qxd7 Rxd7 21.
Nxb5 Rxd1+ 22. Rxd1 Nc5 23. Nc7 Rc8 24. Nd5 Re8 25. Kf2 Bxd5 26. Rxd5 Bf8 27.
Rd1 Rb8 28. Bd3 Be7 29. Bf4 Rc8 30. Be4 Na6 31. Rd7 Re8 32. Bd6 Bxd6 33. Rxd6
Re6 34. Rxe6 fxe6 35. Ke3 Kf7 36. Kd4 Kf6 37. a3 h6 38. Bc2 g5 39. Be4 Nc7 40.
b4 e5+ 41. Kc3 Na6 42. Bd3 axb4+ 43. axb4 Nc7 44. Be4 Ke6 45. Bb7 Kd6 46. Kd3
Ne6 47. Ke4 Nd4 48. c5+ bxc5 49. bxc5+ Kxc5 50. Kxe5 Nc2 51. f4 gxf4 52. Kxf4
Kd4 53. Kf5 Ne3+ 54. Kg6 Ke5 55. h3 Nf5 56. g4 Nd6 57. Bc6 Kf4 58. Bd7 Kg3 59.
Kxh6 Kh4 60. Be6 Ne4 61. Bd5 Nf6 62. Bf3 Kxh3 63. g5 Ng8+ 64. Kg7 Kh4 65. g6 Ne7
66. Kf6 Nxg6 67. Kxg6 1/2-1/2

[Event "WYCC U18 Girls 2013"]
[Site "Al-Ain UAE"]
[Date "2013.12.21"]
[Round "4.21"]
[White "Nikolovska, Dragana"]
[Black "Tran, My Linh"]
[Result "1/2-1/2"]
[WhiteElo "1876"]
[BlackElo "2061"]
[WhiteFideId "15000133"]
[BlackFideId "24682462"]
[EventDate "2013.12.18"]

1. e4 e5 2. Nf3 Nc6 3. c3 d5 4. Qa4 f6 5. Bb5 Ne7 6. exd5 Qxd5 7. O-O Be6 8. d4
exd4 9. Nxd4 Bd7 10. Rd1 Nxd4 11. Bxd7+ Qxd7 12. Qxd7+ Kxd7 13. Rxd4+ Ke6 14.
Bf4 Nf5 15. Rd3 Bd6 16. Bxd6 Nxd6 17. Nd2 Rhe8 18. Re1+ Kf5 19. Ree3 Rxe3 20.
Rxe3 Re8 21. Rxe8 Nxe8 22. f3 Nd6 23. Kf2 Ke5 24. Ke3 c5 25. b3 b5 26. c4 bxc4
27. Nxc4+ Nxc4+ 28. bxc4 g5 29. g3 Kf5 30. h3 h6 31. f4 h5 32. fxg5 fxg5 33. Kf3
Ke5 34. Ke3 a6 35. a3 a5 36. a4 1/2-1/2

[Event "WYCC U18 Girls 2013"]
[Site "Al-Ain UAE"]
[Date "2013.12.21"]
[Round "4.23"]
[White "Severina, Maria"]
[Black "Soyunlu, Narmin"]
[Result "1-0"]
[WhiteTitle "WIM"]
[WhiteElo "2203"]
[BlackElo "1908"]
[WhiteFideId "4116909"]
[BlackFideId "13400843"]
[EventDate "2013.12.18"]

1. d4 d5 2. c4 c6 3. Nc3 Nf6 4. e3 g6 5. Nf3 Bg7 6. Bd3 O-O 7. h3 Nbd7 8. O-O
Qc7 9. cxd5 Nxd5 10. e4 Nf4 11. Bc2 e5 12. Nxe5 Nxe5 13. Bxf4 Rd8 14. d5 Qb6 15.
Bb3 Bd7 16. Be3 Qa6 17. Bd4 c5 18. Bxc5 Nd3 19. Be7 Nxb2 20. Qf3 Rdc8 21. d6 Nc4
22. Rad1 Qa5 23. Nd5 Be6 24. Nf6+ Kh8 25. d7 Rd8 26. Qe2 Nb6 27. Bxe6 fxe6 28.
Bxd8 Rxd8 29. e5 Bxf6 30. exf6 Qg5 31. Qb2 Kg8 32. Qa3 Nd5 33. Qxa7 Rxd7 34.
Qb8+ Kf7 35. Qh8 Qxf6 36. Qxh7+ Qg7 37. Qxg7+ Kxg7 38. Rd3 Rc7 39. g3 Nb4 40.
Rd2 Kf6 41. Kg2 b6 42. h4 Ra7 43. Rd6 Nxa2 44. Ra1 Ra4 45. Re1 b5 46. Rexe6+ Kf7
47. Rf6+ Ke7 48. Rde6+ Kd7 49. Rb6 1-0

[Event "WYCC U18 Girls 2013"]
[Site "Al-Ain UAE"]
[Date "2013.12.21"]
[Round "4.24"]
[White "Duessler, Stefanie"]
[Black "Alymbay, Kyzy Aizhan"]
[Result "1-0"]
[WhiteElo "2046"]
[BlackElo "1814"]
[WhiteFideId "4634780"]
[BlackFideId "13800043"]
[EventDate "2013.12.18"]

1. e4 c5 2. Nf3 e6 3. d4 cxd4 4. Nxd4 Nf6 5. Nc3 d6 6. Be3 Nc6 7. Qd2 Be7 8. f3
a6 9. g4 Bd7 10. O-O-O O-O 11. Kb1 b5 12. Rg1 Ne5 13. g5 Ne8 14. f4 Nc4 15. Bxc4
bxc4 16. f5 Qc8 17. f6 Bd8 18. fxg7 Nxg7 19. Nf3 Be7 20. Ne5 Bb5 21. Ng4 Rb8 22.
Qf2 Kh8 23. Nf6 Qd8 24. Qh4 Bxf6 25. gxf6 Ne8 26. Bh6 Rg8 27. Rxg8+ Kxg8 28.
Rg1+ Kh8 29. Qg5 1-0

[Event "WYCC U18 Girls 2013"]
[Site "Al-Ain UAE"]
[Date "2013.12.21"]
[Round "4.25"]
[White "Kakhramonova, Mokhinur"]
[Black "Jayamurthey, Pavitranayagi"]
[Result "1/2-1/2"]
[WhiteElo "2004"]
[BlackElo "1694"]
[WhiteFideId "14201771"]
[BlackFideId "5708885"]
[EventDate "2013.12.18"]

1. e4 e5 2. Nf3 Nc6 3. Bc4 Bc5 4. c3 Nf6 5. d3 d6 6. Bb3 h6 7. Nbd2 O-O 8. h3
Be6 9. Qe2 a6 10. Nf1 Ne7 11. Nh4 Qd7 12. g4 Rad8 13. Rg1 Nh7 14. Ng3 Bxb3 15.
axb3 d5 16. Nhf5 dxe4 17. Nxe4 Bb6 18. Nfg3 Rfe8 1/2-1/2

[Event "WYCC U18 Girls 2013"]
[Site "Al-Ain UAE"]
[Date "2013.12.21"]
[Round "4.26"]
[White "Nguyen, Thi Thuy Trien"]
[Black "Kopnicka, Henrieta"]
[Result "1-0"]
[WhiteTitle "WFM"]
[WhiteElo "1945"]
[BlackElo "1776"]
[WhiteFideId "12404179"]
[BlackFideId "14923564"]
[EventDate "2013.12.18"]

1. d4 Nf6 2. c4 e6 3. Nc3 c5 4. e3 cxd4 5. exd4 d5 6. Nf3 Nc6 7. cxd5 Nxd5 8.
Bb5 Bb4 9. Bd2 Bd7 10. a3 Be7 11. O-O a6 12. Bd3 O-O 13. Nxd5 exd5 14. Qb3 Bc8
15. Rac1 Na5 16. Qc2 Kh8 17. Bxh7 f5 18. Bg6 Nc4 19. Ne5 Be6 20. Qd1 Rf6 21.
Qh5+ Kg8 22. Qh7+ Kf8 23. Qh8+ Bg8 24. Bh7 Ke8 25. Qxg8+ Bf8 26. Bg5 1-0